Etude sur la doctrine Pythagoricienne de la tétrade
Salvato in:
| Autore principale: | |
|---|---|
| Natura: | Libro |
| Lingua: | francese |
| Pubblicazione: |
París
Société d'édition Les Belles Lettres
1952
|
| Serie: | Collection d'études anciennes
|
| Soggetti: | |
| Tags: |
Aggiungi Tag
Nessun Tag, puoi essere il primo ad aggiungerne!!
|
MARC
| LEADER | 00000nam a2200000 a 4500 | ||
|---|---|---|---|
| 001 | UCY5843 | ||
| 003 | CL-VaPUC | ||
| 008 | 950512e19520000FR |||||||||||||||||fre|d | ||
| 082 | 0 | 4 | |a 182.2 |b KUC |2 21 |
| 100 | 0 | |a Kucharski, Paul |e author |9 335186 | |
| 245 | 1 | 0 | |a Etude sur la doctrine Pythagoricienne de la tétrade |
| 300 | |a 85 p | ||
| 942 | |c BK | ||
| 945 | |d 19950512 00:00:00 |a oaravena | ||
| 260 | |a París |b Société d'édition Les Belles Lettres |c 1952 | ||
| 600 | 0 | 7 | |a PITAGORAS |2 CL-VaPUC |9 335187 |
| 650 | 0 | |a Filosofía antigua |9 255705 | |
| 650 | 0 | |a Presocráticos |9 325852 | |
| 650 | 7 | |a TETRADAS |2 CL-VaPUC |9 335188 | |
| 651 | 0 | |a Grecia |9 265314 | |
| 583 | |a last modification |c 19950512 00:00:00 |k Rodrigo Vera | ||
| 490 | 0 | |a Collection d'études anciennes | |
| 999 | |c 233450 |d 233448 | ||
| 952 | |0 0 |1 0 |4 0 |6 182_200000000000000_KUC_1952 |7 0 |8 P |9 238995 |a BIBEDU |b BIBEDU |c BIBEDU_PB |d 2019-11-18 |i 1500171 |l 1 |o 182.2 KUC 1952 |p 1500171 |r 2024-01-25 |s 2023-10-05 |w 2019-11-18 |y BK |k FIL | ||